Administración de Recursos Humanos (Registro nro. 4475)
[ vista simple ]
| 000 -CABECERA | |
|---|---|
| campo de control de longitud fija | 01467aam a2200505 4500 |
| 005 - FECHA Y HORA DE ACTUALIZACIÓN | |
| campo de control | 20241015160555.0 |
| 008 - LONGITUD FIJA | |
| campo de control de longitud fija | 150410b xxu||||| |||| 00| 0 spa d |
| 041 ## - IDIOMA | |
| Código de idioma del texto/pista de sonido o título separado | |
| 082 ## - CLASIFICACIÓN DECIMAL DEWEY | |
| Número de clasificación | 658.3 D475ad11 |
| 100 ## - AUTOR PERSONAL | |
| Nombre de persona | Dessler, Gary |
| 245 ## - TÍTULO PROPIAMENTE DICHO | |
| Título | Administración de Recursos Humanos |
| 250 ## - EDICIÓN | |
| Mención de edición | 11 edición |
| 260 ## - PIE DE IMPRENTA | |
| Lugar de publicación, distribución, etc. | México |
| Nombre del editor, distribuidor, etc. | Pearson |
| Fecha de publicación, distribución, etc. | 2009 |
| 300 ## - DESCRIPCIÓN FÍSICA | |
| Extensión | 801 páginas |
| 650 ## - Materia General | |
| Materia general | ADMINISTRACIÓN DEL PERSONAL |
| 650 ## - Materia General | |
| Materia general | RECURSOS HUMANOS |
| 650 ## - Materia General | |
| Materia general | GLOBALIZACIÓN |
| 650 ## - Materia General | |
| Materia general | DESTREZAS |
| 650 ## - Materia General | |
| Materia general | LEY IGUALDAD DE OPORTUNIDADES |
| 650 ## - Materia General | |
| Materia general | RECLUTAMIENTO DEL PERSONAL |
| 650 ## - Materia General | |
| Materia general | CAPACITACIÓN |
| 650 ## - Materia General | |
| Materia general | ACOSO SEXUAL |
| 650 ## - Materia General | |
| Materia general | RELACIONES LABORALES |
| 650 ## - Materia General | |
| Materia general | ADMINISTRACIÓN ESTRATÉGICA |
| 650 ## - Materia General | |
| Materia general | NEGOCIACIÓN COLECTIVA |
| 650 ## - Materia General | |
| Materia general | SINDICALISMO |
| 650 ## - Materia General | |
| Materia general | SEGURIDAD DEL PERSONAL |
| 650 ## - Materia General | |
| Materia general | ÉTICA EN EL TRABAJO |
| 650 ## - Materia General | |
| Materia general | ENTREVISTAS |
| 650 ## - Materia General | |
| Materia general | ANÁLISIS DE PUESTOS |
| 650 ## - Materia General | |
| Materia general | PLANEACIÓN |
| 650 ## - Materia General | |
| Materia general | SELECCIÓN DE PERSONAL |
| 650 ## - Materia General | |
| Materia general | RECLUTAMIENTO DE PERSONAL |
| 650 ## - Materia General | |
| Materia general | RECLUTAMIENTO EFICAZ |
| 650 ## - Materia General | |
| Materia general | EVALUACIÓN DEL DESEMPEÑO |
| 650 ## - Materia General | |
| Materia general | EVALUACIÓN DE ACTIVIDADES DE CAPACITACIÓN |
| 650 ## - Materia General | |
| Materia general | ENTREVISTAS A CANDIDATOS |
| 650 ## - Materia General | |
| Materia general | ADMINISTRACION DE CARRERAS |
| 650 ## - Materia General | |
| Materia general | COMPROMISO DEL EMPLEADO |
| 650 ## - Materia General | |
| Materia general | REMUNERACIÓN |
| 650 ## - Materia General | |
| Materia general | PRESTACIONES |
| 650 ## - Materia General | |
| Materia general | CAPACITACIONES |
| 650 ## - Materia General | |
| Materia general | MOVIMIENTO SINDICALISTA |
| 942 ## - Punto de Acceso Adicional Koha | |
| Tipo de ítem Koha | Libro |
| Estado perdido | Fuente de clasificación o esquema de estantería | Estado dañado | No para préstamo | Biblioteca permanente | Biblioteca actual | Enumeración serial/Volumen | Signatura completa | Código de barras | Precio efectivo a partir del | Programa Académico | Tipo de ítem |
|---|---|---|---|---|---|---|---|---|---|---|---|
| Dewey Decimal Classification | Departamento de Biblioteca y Documentación Alfonso Chase Brenes | Departamento de Biblioteca y Documentación Alfonso Chase Brenes | 11 edición | 658.3 D475ad11 | 13392 | 15/02/2016 | Libro | ||||
| Dewey Decimal Classification | Departamento de Biblioteca y Documentación Alfonso Chase Brenes | Departamento de Biblioteca y Documentación Alfonso Chase Brenes | 11 edición | 658.3 D475ad11 | 13393 | 15/02/2016 | Libro |